000 00753nam a2200229Ia 4500
003 OSt
005 20220925202925.0
006 a|||||r|||| 00| 0
007 ta
008 220923b |||||||| |||| 00| 0 eng d
037 _cGeneral Book
040 _aRTL
_cRTL
_beng
041 _2eng
_aeng
082 _aX:513(D65,45).2P, P1/Th
245 0 _aInfluence of television advertising on children's
260 _aDelhi
_bUniversity of Delhi
_c2001
300 _aix, 265p Bibliography: P 239p-48
_ccm.
490 _aUniversity of Delhi, Commerce^bDeptt. of-), Thesis. Thesis, University of Delhi, Commerce^bDeptt. of-
650 _aAdvertising
942 _hX:513(D65,45).2P, P1/Th
_cGB
_2CC
999 _c544625
_d544625